<?xml version="1.0" encoding="UTF-8"?>
<record
    xmlns:xsi="http://www.w3.org/2001/XMLSchema-instance"
    xsi:schemaLocation="http://www.loc.gov/MARC21/slim http://www.loc.gov/standards/marcxml/schema/MARC21slim.xsd"
    xmlns="http://www.loc.gov/MARC21/slim">

  <leader>00637nam a2200193   4500</leader>
  <controlfield tag="005">20260109113353.0</controlfield>
  <controlfield tag="008">260108b        |||||||| |||| 00| 0 eng d</controlfield>
  <datafield tag="020" ind1=" " ind2=" ">
    <subfield code="a">9789383098477</subfield>
  </datafield>
  <datafield tag="041" ind1=" " ind2=" ">
    <subfield code="a">English</subfield>
  </datafield>
  <datafield tag="082" ind1=" " ind2=" ">
    <subfield code="a">659</subfield>
    <subfield code="b">CHA</subfield>
  </datafield>
  <datafield tag="100" ind1=" " ind2=" ">
    <subfield code="a">Chaudhuri Arun</subfield>
    <subfield code="9">216206</subfield>
  </datafield>
  <datafield tag="245" ind1=" " ind2=" ">
    <subfield code="a">Indian Advertising Laughter &amp; Tears: 1950 to 2013</subfield>
  </datafield>
  <datafield tag="260" ind1=" " ind2=" ">
    <subfield code="a">New Delhi</subfield>
    <subfield code="b">Niyogi Books</subfield>
    <subfield code="c">2014</subfield>
  </datafield>
  <datafield tag="300" ind1=" " ind2=" ">
    <subfield code="a">388</subfield>
  </datafield>
  <datafield tag="365" ind1=" " ind2=" ">
    <subfield code="b">596.25</subfield>
    <subfield code="c">Rs.00</subfield>
  </datafield>
  <datafield tag="520" ind1=" " ind2=" ">
    <subfield code="a">1.	1950-1960 OVERVIEW
2.	1960-1970 TRANSITION
3.	1970-1980 GROWTH
4.	1980-1990 LEARNING
5.	1990-2000 NEW AGE
6.	2001-THE PRESENT TIME AHEAD
</subfield>
  </datafield>
  <datafield tag="650" ind1=" " ind2=" ">
    <subfield code="a">Advertising</subfield>
    <subfield code="9">216207</subfield>
  </datafield>
  <datafield tag="942" ind1=" " ind2=" ">
    <subfield code="c">BK</subfield>
  </datafield>
  <datafield tag="999" ind1=" " ind2=" ">
    <subfield code="c">369752</subfield>
    <subfield code="d">369752</subfield>
  </datafield>
  <datafield tag="952" ind1=" " ind2=" ">
    <subfield code="0">0</subfield>
    <subfield code="1">0</subfield>
    <subfield code="2">ddc</subfield>
    <subfield code="4">0</subfield>
    <subfield code="7">0</subfield>
    <subfield code="a">SOFT</subfield>
    <subfield code="b">SOFT</subfield>
    <subfield code="d">2025-12-31</subfield>
    <subfield code="e">Design Book Studio</subfield>
    <subfield code="g">596.25</subfield>
    <subfield code="i">253</subfield>
    <subfield code="l">0</subfield>
    <subfield code="o">659 CHA</subfield>
    <subfield code="p">SOFT-BK-4803</subfield>
    <subfield code="r">2026-01-08 11:08:00</subfield>
    <subfield code="t">25%</subfield>
    <subfield code="v">795.00</subfield>
    <subfield code="w">2025-11-22</subfield>
    <subfield code="y">BK</subfield>
  </datafield>
</record>
